Reprezentacje w Ekstraklasie - Statystyki

Ogólne statystyki
  • Ten quiz został rozwiązany 232 razy
  • Średni wynik to 71 z 102
Statystyki odpowiedzi
Odpowiedź % Poprawnych
Brazylia
93%
Niemcy
93%
Francja
92%
Rosja
92%
Słowacja
92%
Anglia
91%
Czechy
91%
Portugalia
91%
Stany Zjednoczone
91%
Hiszpania
90%
Polska
90%
Szwecja
90%
Ukraina
90%
Argentyna
89%
Finlandia
89%
Słowenia
89%
Włochy
89%
Irlandia
88%
Kanada
88%
Litwa
88%
Łotwa
88%
Norwegia
88%
Belgia
87%
Białoruś
87%
Holandia
87%
Japonia
87%
Australia
86%
Chiny
86%
Dania
86%
Estonia
86%
Serbia
86%
Albania
85%
Chorwacja
85%
Austria
84%
Grecja
82%
Egipt
81%
Republika Południowej Afryki
81%
Szkocja
81%
Turcja
81%
Meksyk
80%
Rumunia
80%
Bułgaria
79%
Islandia
79%
Węgry
79%
Chile
78%
Czarnogóra
77%
Gruzja
77%
Szwajcaria
77%
Bośnia i Hercergowina
76%
Kazachstan
75%
Urugwaj
75%
Kosowo
74%
Nowa Zelandia
74%
Niger
73%
Kolumbia
72%
Korea Południowa
72%
Luksemburg
72%
Macedonia Północna
72%
Maroko
72%
Algieria
71%
Iran
71%
Nigeria
71%
Azerbejdżan
70%
Peru
70%
Armenia
69%
Izrael
68%
Mołdawia
68%
Irak
67%
Cypr
66%
Honduras
66%
Senegal
66%
Wenezuela
66%
Paragwaj
65%
Tunezja
65%
Indonezja
63%
Panama
63%
Ekwador
62%
Ghana
62%
Kostaryka
61%
Wybrzeże Kości Słoniowej
60%
Demokratyczna Republika Konga
59%
Angola
56%
Kamerun
56%
Afganistan
53%
Zimbabwe
53%
Gwinea
52%
Haiti
52%
Zambia
49%
Burkina Faso
45%
Gabon
41%
Kirgistan
37%
Gambia
36%
Gwatemala
36%
Togo
35%
Gwinea Bissau
34%
Burundi
24%
Palestyna
21%
Portoryko
21%
Republika Zielonego Przylądka
21%
Curacao
9%
Martynika
8%
Gwadelupa
4%
Nie znaleziono quizów pasujących do podanych kryteriów
Rozkład punktacji
Procent ludzi z każdym wynikiem
Percentyl według liczby udzielonych odpowiedzi
Twoja historia wyników
Nie rozwiązałeś tego quizu